The X Factor: Alexandra Burke Quiz Stats

Quiz not verified by Sporcle

Also try: The X Factor: JLS
Challenge
Share
Tweet
Embed
Score 0/0 Timer 00:00
0 Plays Today
Week Song % Correct
Week 1I Wanna Dance with Somebody (Who Loves Me)
68.2%
Week 2I'll Be There
63.6%
Week 8Listen
63.6%
FinalHallelujah
63.6%
FinalListen [duet with Beyoncé]
63.6%
Week 3Candyman
59.1%
Week 8Toxic
54.5%
Week 5Without You
50%
Week Song % Correct
Week 7Relight My Fire
50%
FinalSilent Night
50%
Week 9Un-Break My Heart
45.5%
Week 4On the Radio
40.9%
Week 6You Are So Beautiful
40.9%
Week 9Don't Stop the Music
40.9%
FinalYou Are So Beautiful
40.9%

You're not logged in!

Compare scores with friends on all Sporcle quizzes.
Sign Up with Email
OR
Log In

You Might Also Like...

Show Comments

Extras

Top Quizzes Today


Score Distribution

Your Account Isn't Verified!

In order to create a playlist on Sporcle, you need to verify the email address you used during registration. Go to your Sporcle Settings to finish the process.

Report this User

Report this user for behavior that violates our Community Guidelines.

Details: